Derbyshire CC v Fallon (Record no. 79729)

MARC details
000 -LEADER
fixed length control field 01562cad a22002055a 4500
001 - CONTROL NUMBER
control field L142116
008 - FIXED-LENGTH DATA ELEMENTS--GENERAL INFORMATION
fixed length control field 080124e20080611xxk f v 000 0 eng d
035 ## - SYSTEM CONTROL NUMBER
System control number (Sirsi) u142116
041 0# - LANGUAGE CODE
Language code of text/sound track or separate title eng
245 00 - TITLE STATEMENT
Title Derbyshire CC v Fallon
Medium [electronic resource]
260 ## - PUBLICATION, DISTRIBUTION, ETC.
Date of publication, distribution, etc. 2008
520 ## - SUMMARY, ETC.
Summary, etc. [2007] EWHC 1326 (Ch), 25 April 2007. Considers circumstances in which it might be appropriate not to alter an incorrectly determined boundary. The local authority (D) appealed against a Land Registry adjudicator's decision not to a boundary of their land which adjoined the defendant (F)'s. F had built an extension to their property across the correct boundary. The adjudicator had decided that this meant D would be unlikely to recover the land and, despite having established its paper title, these exceptional circumstances rendered the claim unreasonable. D appealed against this and against the ruling it should pay some of F's costs. "Held": In ordinary circumstances it would be appropriate to amend the boundary. However doing so in this case would accord only with D's paper title and not with the position in the real world. F had won but not succeeded on all issues, so it was reasonable for D to pay part of his costs. Appeal dismissed.
590 ## - LOCAL NOTE (RLIN)
Local note KA
650 24 - SUBJECT ADDED ENTRY--TOPICAL TERM
Topical term or geographic name entry element DERBYSHIRE CC V FALLON
650 24 - SUBJECT ADDED ENTRY--TOPICAL TERM
Topical term or geographic name entry element LAND REGISTRATION ACT 1925
651 #4 - SUBJECT ADDED ENTRY--GEOGRAPHIC NAME
Geographic name England and Wales
Chronological subdivision 1543-
690 ## - LOCAL SUBJECT ADDED ENTRY--TOPICAL TERM (OCLC, RLIN)
Topical term or geographic name as entry element PROPERTY-RURAL AND NATURAL ASSETS
856 40 - ELECTRONIC LOCATION AND ACCESS
Uniform Resource Identifier <a href="https://www.bailii.org/ew/cases/EWHC/Ch/2007/1326.html">https://www.bailii.org/ew/cases/EWHC/Ch/2007/1326.html</a>
Public note View the item free of charge at www.bailii.org...
942 ## - ADDED ENTRY ELEMENTS (KOHA)
Suppress in OPAC 0
Holdings
Withdrawn status Lost status Source of classification or shelving scheme Damaged status Not for loan Home library Current library Shelving location Date acquired Total Checkouts Full call number Barcode Date last seen Copy number Price effective from Koha item type
    Dewey Decimal Classification     Virtual Virtual Online 24/01/2008   ONLINE PUBLICATION 142116-1001 06/08/2019 1 06/08/2019 Journal article